| 000 | 00939nam a2200229 i 4500 | ||
|---|---|---|---|
| 001 | bg | ||
| 100 | 1 | _aMILIAN, Zdzisław | |
| 245 | 1 | 0 |
_aMetody określania rozkładu czasu realizacji przedsięwzięć budowlanych w acyklicznych sieciach stochastycznych / _cZdzisław Milian. |
| 260 |
_aKraków : _bWydawnictwo Politechniki Krakowskiej, _c2006. |
||
| 300 |
_a159 s. : _brys., wykr. ; _c24 cm. |
||
| 490 | 1 | _aMonografia / Politechnika Krakowska im. Tadeusza Kościuszki. Inżynieria Lądowa | |
| 500 | _aISSN i nr serii gł.: 0860-097X ; 327. - Streszcz. pol., ang., niem. | ||
| 504 | _aBibliogr. | ||
| 650 | 9 |
_aBudownictwo _xorganizacja _xmetody |
|
| 650 | 9 |
_aCzas pracy _xorganizacja _xmetody |
|
| 830 | 0 | _aMonografia (Politechnika Krakowska im. Tadeusza Kościuszki. Inżynieria Lądowa) | |
| 040 | _cBPK | ||
| 041 | 0 |
_apol _bengger |
|
| 080 | _a69.008:331.103.3:519.2 | ||
| 942 | _cKS | ||
| 008 | s pl f |000 0 pol | ||
| 999 |
_c52176 _d52176 |
||
| 856 |
_uhttp://koha.tu.koszalin.pl/cgi-bin/koha/opac-detail.pl?biblionumber=52176 _yKatalog online BPK |
||